Score 0/111 Timer 03:00
8 Plays Today
% Correct
the
98.9%
the
98.9%
the
98.9%
the
98.9%
the
98.9%
the
98.9%
the
98.9%
The
98.9%
the
98.9%
the
98.9%
The
98.9%
a
98.7%
a
98.7%
a
98.7%
a
98.7%
of
95.7%
of
95.7%
of
95.7%
of
95.7%
of
95.7%
Brady,
95.5%
Brady
95.5%
Brady
95.5%
Brady
95.5%
Brady
95.5%
story
94.8%
story,
94.8%
lady
94.2%
lady
94.2%
three
93.6%
three
93.6%
girls.
92.5%
who
92.1%
who
92.1%
lovely
92%
lovely
91.9%
man
90.5%
% Correct
Here's
90%
was
89.7%
was
89.7%
was
89.7%
boys
88.7%
we/they
88.7%
we/they
88.7%
one
86.3%
one
86.3%
named
86.1%
All
85.6%
all
85.6%
all
85.6%
all
85.6%
Bunch.
85.3%
Bunch.
85.3%
Bunch.
85.3%
Bunch.
85.3%
own.
83.8%
his
82.4%
They
80.9%
they
80.9%
they
80.9%
had
80.3%
in
80.1%
hair
79.2%
curls.
79.1%
very
78.8%
gold,
78.7%
them
78.5%
youngest
78%
that
77.8%
that
77.8%
mother,
76.3%
this
76%
this
76%
their
75.9%
% Correct
met
75.7%
like
74.5%
and
73.8%
became
73%
became
73%
up
72.6%
day
72%
bringing
71.8%
fellow,
70.9%
it
70.2%
when
66.6%
way
66%
way
66%
That's
64.9%
That's
64.9%
were
63.5%
were
63.5%
family.
62.8%
with
62.5%
knew
62.4%
more
62.1%
hunch,
61.9%
than
61.7%
much
60.5%
living
60.4%
alone.
60.1%
together,
58.4%
men,
52.7%
four
51.3%
'Til
50.1%
form
49.1%
group
48.6%
busy
48.4%
somehow
46.8%
yet
45.6%
It's
38%
must
32.4%

You're not logged in!

Compare scores with friends on all Sporcle quizzes.
OR
Log In

Sporcle TV

Today on Sporcle TV


Watch our educational content, quiz creation guides, and fun videos on Sporcle TV.

Show Comments

Extras

Top Quizzes Today


Score Distribution

Paid Content

Your Account Isn't Verified!

In order to create a playlist on Sporcle, you need to verify the email address you used during registration. Go to your Sporcle Settings to finish the process.

Report this User

Report this user for behavior that violates our Community Guidelines.

Details: